000 01141camaa2200373M 4500
001 103635
005 20230410104015.0
008 900725s1973 sp 000 0 spa d
010 _zind91024490
035 _a(OCoLC)ocn431201464
040 _aBNM
_bspa
_cBNM
_dBNMEX
016 7 _abimoBNE19970292216
_2SpMaBN
017 _aB 7631-1973
020 _a8470822586
020 _a9788470822582
035 _a(OCoLC)431201464
041 1 _aspa
_heng
050 1 4 _aCD 1581
_bA496a 1973
082 0 0 _a027.67
100 1 _aAmbrosini, Maria Luisa.
245 1 4 _aLos archivos secretos del Vaticano /
_cMaria Luisa Ambrosini y Mary Willis. Traducción directa del inglés por Mercedes Lloret Compte.
260 _aBarcelona :
_bEditorial Iberia,
_c1973
300 _a428 p. :
_bil.,
_c21 cm.
500 _aTítulo original: The Secret Archives of the Vatican.
610 2 0 _aArchivio vaticano.
650 4 _aArchivo secreto vaticano.
650 4 _aCFB
650 4 _aColección Font Bernard
650 4 _aPrimera Jornada de Catalogacion.
700 1 _aWillis, Mary.
942 _2lcc
_cbk
994 _aC0
_bDRFGD
946 _arg
999 _c30192
_d30192